| 000 | 00000nam##2200000za#4500 |
| 001 | 9.642385 |
| 003 | CaOODSP |
| 005 | 20220901164801 |
| 007 | cr ||||||||||| |
| 008 | 150407|2005||||xxc|||||o f|0| 0 fre|d |
| 040 | |aCaOODSP|bfre |
| 043 | |an-cn--- |
| 086 | 1 |aJ22-21/2005F-PDF |
| 110 | 1 |aCanada.|bJustice Canada. |
| 245 | 13|aLe recours au placement sous garde en vertu de la Loi sur le système de justice pénale pour les adolescents / |h[ressource électronique]|cpréparé pour Politique sur la justice pour les jeunes, ministère de la Justice, Canada, par Anthony N. Doob et Janet B. Sprott. |
| 260 | |bJustice Canada |cLe 1er octobre 2005. |
| 300 | |a20p.|bfigures, références, tableaux |
| 590 | |a13-20-Supp|b2013-08-30 |
| 775 | 08|tThe use of custody under the Youth Criminal Justice Act / |w(CaOODSP)9.698373 |
| 856 | 40|ahttp://publications.gc.ca|qPDF|s219 Ko|uhttps://publications.gc.ca/collections/collection_2013/jus/J22-21-2005-fra.pdf |